[Event "BPB Limburg Open - Group A"]
[Site "chess24.com"]
[Date "2016.05.16"]
[Round "7"]
[White "Nguyen, Kevin"]
[Black "Dambacher, Martijn"]
[Result "0-1"]
[Board "10"]
[WhiteElo "2076"]
[WhiteCountry "NED"]
[WhiteFideId "1046349"]
[WhiteEloChange "-2"]
[BlackTitle "GM"]
[BlackElo "2486"]
[BlackCountry "NED"]
[BlackFideId "1005030"]
[BlackEloChange "1"]

1. e4 {[%clk 2:00:15]} e5 {[%clk 2:00:15]} 2. d4 {[%clk 2:00:15]} exd4 {[%clk
2:00:15]} 3. c3 {[%clk 2:00:48]} d5 {[%clk 1:53:57]} 4. exd5 {[%clk 2:00:46]}
Qxd5 {[%clk 1:53:51]} 5. cxd4 {[%clk 2:00:57]} Nc6 {[%clk 1:52:35]} 6. Nf3 {[%clk
2:00:12]} Bg4 {[%clk 1:45:52]} 7. Be2 {[%clk 1:59:32]} Bb4+ {[%clk 1:43:03]} 8.
Nc3 {[%clk 1:59:42]} Bxf3 {[%clk 1:42:20]} 9. Bxf3 {[%clk 1:59:53]} Qc4 {[%clk
1:42:28]} 10. Qb3 {[%clk 2:00:05]} Qxb3 {[%clk 1:41:46]} 11. axb3 {[%clk
2:00:16]} Nge7 {[%clk 1:33:56]} 12. O-O {[%clk 2:00:01]} a6 {[%clk 1:18:48]} 13.
Ra4 {[%clk 1:56:42]} Bd6 {[%clk 1:17:42]} 14. Ne4 {[%clk 1:50:34]} O-O-O {[%clk
1:16:19]} 15. Rd1 {[%clk 1:47:52]} h6 {[%clk 1:06:50]} 16. g3 {[%clk 1:45:30]}
Nd5 {[%clk 0:59:06]} 17. Nc3 {[%clk 1:38:56]} Nde7 {[%clk 0:57:36]} 18. Ne4
{[%clk 1:30:28]} Kb8 {[%clk 0:50:35]} 19. Nxd6 {[%clk 1:29:03]} Rxd6 {[%clk
0:49:11]} 20. Bf4 {[%clk 1:29:07]} Rd7 {[%clk 0:48:43]} 21. Rc4 {[%clk 1:08:01]}
Rhd8 {[%clk 0:44:49]} 22. Be3 {[%clk 1:07:01]} Nd5 {[%clk 0:41:22]} 23. Rc2
{[%clk 0:54:49]} Na5 {[%clk 0:36:07]} 24. Ra1 {[%clk 0:52:27]} Nxb3 {[%clk
0:28:42]} 25. Ra3 {[%clk 0:43:40]} Nxd4 {[%clk 0:27:51]} 26. Bxd4 {[%clk
0:42:12]} Nb4 {[%clk 0:27:58]} 27. Ba7+ {[%clk 0:41:20]} Kxa7 {[%clk 0:27:44]}
28. Rc4 {[%clk 0:41:11]} Nd3 {[%clk 0:26:37]} 29. Rb3 {[%clk 0:39:55]} c5 {[%clk
0:24:47]} 30. Be4 {[%clk 0:37:51]} b5 {[%clk 0:23:25]} 31. Rc2 {[%clk 0:37:15]}
c4 {[%clk 0:23:03]} 32. Rbc3 {[%clk 0:37:16]} Kb6 {[%clk 0:21:09]} 33. f3 {[%clk
0:35:43]} Nc5 {[%clk 0:20:42]} 0-1